Transmission lines and networks (Record no. 194386)

000 -LEADER
fixed length control field 00440 a2200157 4500
003 - CONTROL NUMBER IDENTIFIER
control field Nust
005 - DATE AND TIME OF LATEST TRANSACTION
control field 20170207154123.0
040 ## - CATALOGING SOURCE
Transcribing agency Nust
082 ## - DEWEY DECIMAL CLASSIFICATION NUMBER
Classification number 621.3192
100 ## - MAIN ENTRY--PERSONAL NAME
Personal name Johnson, Walter
245 ## - TITLE STATEMENT
Title Transmission lines and networks
260 ## - PUBLICATION, DISTRIBUTION, ETC.
Place of publication, distribution, etc. New York, ,
Name of publisher, distributor, etc. 1950
Date of publication, distribution, etc. McGraw-Hill
300 ## - PHYSICAL DESCRIPTION
Extent x, 361 p
505 ## - FORMATTED CONTENTS NOTE
Formatted contents note Part 1:- Transmission Lines (Page-3) Part 2:- Four Thermal Networks (Page-239)
538 ## - SYSTEM DETAILS NOTE
System details note Almirah No. 126 and Shelf No. 3
942 ## - ADDED ENTRY ELEMENTS (KOHA)
Source of classification or shelving scheme
Koha item type Book
Holdings
Withdrawn status Lost status Source of classification or shelving scheme Damaged status Not for loan Collection code Permanent Location Current Location Date acquired Total Checkouts Full call number Barcode Date last seen Price effective from Koha item type Shelving location Public note
            Military College of Signals (MCS) Military College of Signals (MCS) 12/12/2016   621.3192 JOH MCS6860 12/08/2016 12/12/2016 Book    
            Military College of Signals (MCS) Military College of Signals (MCS) 12/12/2016   621.3192 JOH MCS6931 12/08/2016 12/12/2016 Book    
            Military College of Signals (MCS) Military College of Signals (MCS) 12/12/2016   621.3192 JOH MCS6933 12/08/2016 12/12/2016 Book General Stacks Almirah No.88, Shelf No.3
            Military College of Signals (MCS) Military College of Signals (MCS) 12/12/2016   621.3192 JOH MCS6934 12/08/2016 12/12/2016 Book    
            Military College of Signals (MCS) Military College of Signals (MCS) 12/12/2016   621.3192 JOH MCS6935 12/08/2016 12/12/2016 Book    
            Military College of Signals (MCS) Military College of Signals (MCS) 12/12/2016   621.3192 JOH MCS6936 12/08/2016 12/12/2016 Book    
            Military College of Signals (MCS) Military College of Signals (MCS) 12/12/2016   621.3192 JOH MCS6971 12/08/2016 12/12/2016 Book    
            Military College of Signals (MCS) Military College of Signals (MCS) 12/12/2016   621.3192 JOH MCS7023 12/08/2016 12/12/2016 Book    
            Military College of Signals (MCS) Military College of Signals (MCS) 12/12/2016   621.3192 JOH MCS7024 12/08/2016 12/12/2016 Book    
© 2023 Central Library, National University of Sciences and Technology. All Rights Reserved.